[Event "SVR-op 33rd"]
[Site "Mendig"]
[Date "2010.03.27"]
[Round "2"]
[White "Farsch, Bernd"]
[Black "Nebe, Christopher"]
[Result "1/2-1/2"]
[WhiteElo "1517"]
[BlackElo "1283"]
[PlyCount "99"]
[EventDate "2010.03.27"]
[EventType "swiss"]
[EventRounds "7"]
[EventCountry "GER"]
[SourceTitle "EXT 2011"]
[Source "ChessBase"]
[SourceDate "2010.11.26"]
[SourceVersion "1"]
[SourceVersionDate "2010.11.26"]
[SourceQuality "1"]

1. e4 e5 2. Nf3 Nc6 3. Bc4 Nf6 4. Nc3 Bc5 5. d3 d6 6. h3 0-0 7. Bg5 Be6 8. Bb3 h6 9. Bh4 a6 10. 0-0 Kh8 11. Nd5 Bxd5 12. Bxd5 Rb8 13. c3 Qe7 14. b4 Bb6 15. a4 a5 16. b5 Nd8 17. Kh1 c6 18. bxc6 bxc6 19. Ba2 Nb7 20. Rb1 Nc5 21. Nh2 Rfd8 22. f4 Ncd7 23. Ng4 Bc7 24. Rxb8 Bxb8 25. fxe5 dxe5 26. Bxf6 Nxf6 27. Nxf6 gxf6 28. Qh5 Kg7 29. Qg4+ Kh7 30. Qf5+ Kg7 31. Rf3 Rg8 32. Rg3+ Kh8 33. Rf3 Kg7 34. Qg4+ Kh7 35. Qh5 Rg6 36. g4 Kg7 37. h4 Qd7 38. g5 hxg5 39. hxg5 Rxg5 40. Qh4 Qg4 41. Qxg4 Rxg4 42. Bc4 Kg6 43. Rf1 Ba7 44. Rb1 Kg5 45. Rb7 Bf2 46. Rxf7 Be1 47. Be6 Rg3 48. Rg7+ Kf4 49. Rf7 Kg5 50. Rg7+ 1/2-1/2